Normal view
MARC view
- Malo,Aurelio Lopez
Entry Personal Name
001 - CONTROL NUMBER
- control field: 540
003 - CONTROL NUMBER IDENTIFIER
- control field: OSt
005 - DATE AND TIME OF LATEST TRANSACTION
- control field: 20160621163341.0
008 - FIXED-LENGTH DATA ELEMENTS
- fixed length control field: 160621|| aca||aabn | a|a d
040 ## - CATALOGING SOURCE
- Original cataloging agency: OSt
- Transcribing agency: OSt
100 ## - HEADING--PERSONAL NAME
- Personal name: Malo,Aurelio Lopez
670 ## - SOURCE DATA FOUND
- Source citation: Work cat.: (OSt)14168: Alzamora, Stella M 205, Minimally Processed Fruits and Vegetables:Fundamental Aspects and Applications, 2005
